| 000 | 00974cam a2200265 4500 | ||
|---|---|---|---|
| 001 | 000018986 | ||
| 005 | 20200929165908.0 | ||
| 008 | 740421s1972 onc 000 0 eng | ||
| 020 | _a0887706983 | ||
| 040 |
_aDO-SdBNP _bspa _cBNPHU |
||
| 082 |
_a812.5 _bD864c |
||
| 100 | 1 |
_aDufresne, Guy, _d1915- _940854 |
|
| 240 | 1 | 0 |
_aCri de l'engoulevent. _lEnglish |
| 245 | 1 | 4 |
_aThe call of the whippoorwill / _cGuy Dufresne ; traducción Philip London , Laurence Berard ; introducción Alain Pontaut. |
| 260 |
_aToronto : _bNew Press, _c1972. |
||
| 300 |
_axiii, 102 p. ; _c21 cm. |
||
| 490 | 1 |
_aNew drama ; _v6 |
|
| 500 | _aIncluye bibliografía p. [xi]. | ||
| 500 | _aIncluye cronología de obras de teatro y trabaja para la radio y la televisión p. [xii-xiii]. | ||
| 650 | 4 |
_aTeatro estadounidense _94929 |
|
| 650 | 4 |
_aLiteratura estadounidense _9263 |
|
| 700 | 1 |
_aLondon, Philip, _etr. _940855 |
|
| 700 | 1 |
_aBerard, Laurence, _etr. _940856 |
|
| 700 | 1 |
_aPontaut, Alain _940857 |
|
| 999 |
_c18504 _d18504 |
||